<?xml version="1.0" encoding="UTF-8"?>
<record
    xmlns:xsi="http://www.w3.org/2001/XMLSchema-instance"
    xsi:schemaLocation="http://www.loc.gov/MARC21/slim http://www.loc.gov/standards/marcxml/schema/MARC21slim.xsd"
    xmlns="http://www.loc.gov/MARC21/slim">

  <leader>01042nam a22002777a 4500</leader>
  <controlfield tag="005">20170511100926.0</controlfield>
  <datafield tag="010" ind1=" " ind2=" ">
    <subfield code="a">1617EN  ENG-116896</subfield>
  </datafield>
  <datafield tag="020" ind1=" " ind2=" ">
    <subfield code="a">9788126562251</subfield>
    <subfield code="c">899.00</subfield>
  </datafield>
  <datafield tag="035" ind1=" " ind2=" ">
    <subfield code="a">1617EN</subfield>
  </datafield>
  <datafield tag="035" ind1=" " ind2=" ">
    <subfield code="a">B-653751-764</subfield>
  </datafield>
  <datafield tag="035" ind1=" " ind2=" ">
    <subfield code="a">EN-100428</subfield>
  </datafield>
  <datafield tag="035" ind1=" " ind2=" ">
    <subfield code="a">B-665153</subfield>
  </datafield>
  <datafield tag="037" ind1=" " ind2=" ">
    <subfield code="b">ABC</subfield>
  </datafield>
  <datafield tag="037" ind1=" " ind2=" ">
    <subfield code="b">DBAD/PUB</subfield>
  </datafield>
  <datafield tag="082" ind1=" " ind2=" ">
    <subfield code="a">910.02</subfield>
  </datafield>
  <datafield tag="100" ind1=" " ind2=" ">
    <subfield code="a">Strahler, Alan</subfield>
  </datafield>
  <datafield tag="245" ind1=" " ind2=" ">
    <subfield code="a">Introducing physical geography /</subfield>
    <subfield code="c">by Alan Strahler</subfield>
  </datafield>
  <datafield tag="250" ind1=" " ind2=" ">
    <subfield code="a">6th ed</subfield>
  </datafield>
  <datafield tag="260" ind1=" " ind2=" ">
    <subfield code="c">2016</subfield>
    <subfield code="a">New Delhi</subfield>
    <subfield code="b">John Wiley </subfield>
  </datafield>
  <datafield tag="270" ind1=" " ind2=" ">
    <subfield code="a">4435-36/7, Ansari Road,Daryaganj</subfield>
    <subfield code="b">New Delhi</subfield>
    <subfield code="e">110002</subfield>
  </datafield>
  <datafield tag="300" ind1=" " ind2=" ">
    <subfield code="c">25cm(pbk)</subfield>
    <subfield code="a">xviii,641p</subfield>
    <subfield code="b">ill.(maps)</subfield>
  </datafield>
  <datafield tag="500" ind1=" " ind2=" ">
    <subfield code="a">includes index</subfield>
  </datafield>
  <datafield tag="942" ind1=" " ind2=" ">
    <subfield code="c">EN</subfield>
    <subfield code="2">ddc</subfield>
    <subfield code="h">910.02</subfield>
    <subfield code="m">STR</subfield>
  </datafield>
  <datafield tag="999" ind1=" " ind2=" ">
    <subfield code="c">101861</subfield>
    <subfield code="d">101861</subfield>
  </datafield>
  <datafield tag="952" ind1=" " ind2=" ">
    <subfield code="0">0</subfield>
    <subfield code="1">0</subfield>
    <subfield code="4">0</subfield>
    <subfield code="7">0</subfield>
    <subfield code="8">NFIC</subfield>
    <subfield code="a">RKP</subfield>
    <subfield code="b">RKP</subfield>
    <subfield code="d">2016-12-22</subfield>
    <subfield code="e">DBAD/PUB</subfield>
    <subfield code="g">899.00</subfield>
    <subfield code="l">0</subfield>
    <subfield code="o">910.02 STR</subfield>
    <subfield code="p">EN-100428</subfield>
    <subfield code="r">2016-12-22 00:00:00</subfield>
    <subfield code="t">1</subfield>
    <subfield code="v">899.00</subfield>
    <subfield code="y">EN</subfield>
  </datafield>
  <datafield tag="952" ind1=" " ind2=" ">
    <subfield code="0">0</subfield>
    <subfield code="1">0</subfield>
    <subfield code="4">0</subfield>
    <subfield code="7">0</subfield>
    <subfield code="8">NFIC</subfield>
    <subfield code="a">L</subfield>
    <subfield code="b">L</subfield>
    <subfield code="d">2017-02-20</subfield>
    <subfield code="e">BPPD/En/2016-17/286/24.11.2016/4986/28.11.2016/4.1.2017</subfield>
    <subfield code="g">899.00</subfield>
    <subfield code="l">46</subfield>
    <subfield code="m">35</subfield>
    <subfield code="o">910.02 STR</subfield>
    <subfield code="p">B-653751</subfield>
    <subfield code="r">2025-04-22 00:00:00</subfield>
    <subfield code="s">2025-04-09</subfield>
    <subfield code="t">1</subfield>
    <subfield code="v">899.00</subfield>
    <subfield code="w">2017-02-20</subfield>
    <subfield code="y">EN</subfield>
  </datafield>
  <datafield tag="952" ind1=" " ind2=" ">
    <subfield code="0">0</subfield>
    <subfield code="1">0</subfield>
    <subfield code="4">0</subfield>
    <subfield code="7">0</subfield>
    <subfield code="8">NFIC</subfield>
    <subfield code="a">NPL</subfield>
    <subfield code="b">NPL</subfield>
    <subfield code="d">2017-02-20</subfield>
    <subfield code="e">BPPD/En/2016-17/286/24.11.2016/4986/28.11.2016/4.1.2017</subfield>
    <subfield code="g">899.00</subfield>
    <subfield code="l">0</subfield>
    <subfield code="o">910.02 STR</subfield>
    <subfield code="p">B-653752</subfield>
    <subfield code="r">2017-02-20 00:00:00</subfield>
    <subfield code="t">1</subfield>
    <subfield code="v">899.00</subfield>
    <subfield code="y">EN</subfield>
  </datafield>
  <datafield tag="952" ind1=" " ind2=" ">
    <subfield code="0">0</subfield>
    <subfield code="1">0</subfield>
    <subfield code="4">0</subfield>
    <subfield code="7">0</subfield>
    <subfield code="8">NFIC</subfield>
    <subfield code="a">BL1</subfield>
    <subfield code="b">BL1</subfield>
    <subfield code="d">2017-02-20</subfield>
    <subfield code="e">BPPD/En/2016-17/286/24.11.2016/4986/28.11.2016/4.1.2017</subfield>
    <subfield code="g">899.00</subfield>
    <subfield code="l">0</subfield>
    <subfield code="o">910.02 STR</subfield>
    <subfield code="p">B-653753</subfield>
    <subfield code="r">2017-02-20 00:00:00</subfield>
    <subfield code="t">1</subfield>
    <subfield code="v">899.00</subfield>
    <subfield code="y">EN</subfield>
  </datafield>
  <datafield tag="952" ind1=" " ind2=" ">
    <subfield code="0">0</subfield>
    <subfield code="1">0</subfield>
    <subfield code="4">0</subfield>
    <subfield code="7">0</subfield>
    <subfield code="8">NFIC</subfield>
    <subfield code="a">KGM</subfield>
    <subfield code="b">KGM</subfield>
    <subfield code="d">2017-02-20</subfield>
    <subfield code="e">BPPD/En/2016-17/286/24.11.2016/4986/28.11.2016/4.1.2017</subfield>
    <subfield code="g">899.00</subfield>
    <subfield code="l">1</subfield>
    <subfield code="o">910.02 STR</subfield>
    <subfield code="p">B-653754</subfield>
    <subfield code="r">2023-05-30 00:00:00</subfield>
    <subfield code="s">2023-05-29</subfield>
    <subfield code="t">1</subfield>
    <subfield code="v">899.00</subfield>
    <subfield code="y">EN</subfield>
  </datafield>
  <datafield tag="952" ind1=" " ind2=" ">
    <subfield code="0">0</subfield>
    <subfield code="1">0</subfield>
    <subfield code="4">0</subfield>
    <subfield code="7">0</subfield>
    <subfield code="8">NFIC</subfield>
    <subfield code="a">JP</subfield>
    <subfield code="b">JP</subfield>
    <subfield code="d">2017-02-20</subfield>
    <subfield code="e">BPPD/En/2016-17/286/24.11.2016/4986/28.11.2016/4.1.2017</subfield>
    <subfield code="g">899.00</subfield>
    <subfield code="l">11</subfield>
    <subfield code="m">5</subfield>
    <subfield code="o">910.02 STR</subfield>
    <subfield code="p">B-653755</subfield>
    <subfield code="r">2023-12-16 00:00:00</subfield>
    <subfield code="s">2023-11-04</subfield>
    <subfield code="t">1</subfield>
    <subfield code="v">899.00</subfield>
    <subfield code="y">EN</subfield>
  </datafield>
  <datafield tag="952" ind1=" " ind2=" ">
    <subfield code="0">0</subfield>
    <subfield code="1">0</subfield>
    <subfield code="4">0</subfield>
    <subfield code="7">0</subfield>
    <subfield code="8">NFIC</subfield>
    <subfield code="a">ZLS</subfield>
    <subfield code="b">ZLS</subfield>
    <subfield code="d">2017-02-20</subfield>
    <subfield code="e">BPPD/En/2016-17/286/24.11.2016/4986/28.11.2016/4.1.2017</subfield>
    <subfield code="g">899.00</subfield>
    <subfield code="l">32</subfield>
    <subfield code="m">43</subfield>
    <subfield code="o">910.02 STR</subfield>
    <subfield code="p">B-653756</subfield>
    <subfield code="r">2024-01-18 00:00:00</subfield>
    <subfield code="s">2023-12-26</subfield>
    <subfield code="t">1</subfield>
    <subfield code="v">899.00</subfield>
    <subfield code="y">EN</subfield>
  </datafield>
  <datafield tag="952" ind1=" " ind2=" ">
    <subfield code="0">0</subfield>
    <subfield code="1">0</subfield>
    <subfield code="4">0</subfield>
    <subfield code="7">0</subfield>
    <subfield code="8">NFIC</subfield>
    <subfield code="a">RKP</subfield>
    <subfield code="b">RKP</subfield>
    <subfield code="d">2017-02-20</subfield>
    <subfield code="e">BPPD/En/2016-17/286/24.11.2016/4986/28.11.2016/4.1.2017</subfield>
    <subfield code="g">899.00</subfield>
    <subfield code="l">2</subfield>
    <subfield code="m">2</subfield>
    <subfield code="o">910.02 STR</subfield>
    <subfield code="p">B-653757</subfield>
    <subfield code="r">2019-07-27 00:00:00</subfield>
    <subfield code="s">2019-06-15</subfield>
    <subfield code="t">1</subfield>
    <subfield code="v">899.00</subfield>
    <subfield code="y">EN</subfield>
  </datafield>
  <datafield tag="952" ind1=" " ind2=" ">
    <subfield code="0">0</subfield>
    <subfield code="1">0</subfield>
    <subfield code="4">0</subfield>
    <subfield code="7">0</subfield>
    <subfield code="8">NFIC</subfield>
    <subfield code="a">BN</subfield>
    <subfield code="b">BN</subfield>
    <subfield code="d">2017-02-20</subfield>
    <subfield code="e">BPPD/En/2016-17/286/24.11.2016/4986/28.11.2016/4.1.2017</subfield>
    <subfield code="g">899.00</subfield>
    <subfield code="l">13</subfield>
    <subfield code="m">4</subfield>
    <subfield code="o">910.02 STR</subfield>
    <subfield code="p">B-653758</subfield>
    <subfield code="r">2023-05-15 00:00:00</subfield>
    <subfield code="s">2023-05-01</subfield>
    <subfield code="t">1</subfield>
    <subfield code="v">899.00</subfield>
    <subfield code="y">EN</subfield>
  </datafield>
  <datafield tag="952" ind1=" " ind2=" ">
    <subfield code="0">0</subfield>
    <subfield code="1">0</subfield>
    <subfield code="4">0</subfield>
    <subfield code="7">0</subfield>
    <subfield code="8">NFIC</subfield>
    <subfield code="a">NRR</subfield>
    <subfield code="b">NRR</subfield>
    <subfield code="d">2017-02-20</subfield>
    <subfield code="e">BPPD/En/2016-17/286/24.11.2016/4986/28.11.2016/4.1.2017</subfield>
    <subfield code="g">899.00</subfield>
    <subfield code="l">0</subfield>
    <subfield code="o">910.02 STR</subfield>
    <subfield code="p">B-653759</subfield>
    <subfield code="r">2017-02-20 00:00:00</subfield>
    <subfield code="t">1</subfield>
    <subfield code="v">899.00</subfield>
    <subfield code="y">EN</subfield>
  </datafield>
  <datafield tag="952" ind1=" " ind2=" ">
    <subfield code="0">0</subfield>
    <subfield code="1">0</subfield>
    <subfield code="4">0</subfield>
    <subfield code="7">0</subfield>
    <subfield code="8">NFIC</subfield>
    <subfield code="a">BN</subfield>
    <subfield code="b">BN</subfield>
    <subfield code="d">2017-02-20</subfield>
    <subfield code="e">BPPD/En/2016-17/286/24.11.2016/4986/28.11.2016/4.1.2017</subfield>
    <subfield code="g">899.00</subfield>
    <subfield code="l">13</subfield>
    <subfield code="m">7</subfield>
    <subfield code="o">910.02 STR</subfield>
    <subfield code="p">B-653760</subfield>
    <subfield code="r">2022-10-27 00:00:00</subfield>
    <subfield code="s">2022-10-11</subfield>
    <subfield code="t">1</subfield>
    <subfield code="v">899.00</subfield>
    <subfield code="y">EN</subfield>
  </datafield>
  <datafield tag="952" ind1=" " ind2=" ">
    <subfield code="0">0</subfield>
    <subfield code="1">0</subfield>
    <subfield code="4">0</subfield>
    <subfield code="7">0</subfield>
    <subfield code="8">NFIC</subfield>
    <subfield code="a">NR</subfield>
    <subfield code="b">NR</subfield>
    <subfield code="d">2017-02-20</subfield>
    <subfield code="e">BPPD/En/2016-17/286/24.11.2016/4986/28.11.2016/4.1.2017</subfield>
    <subfield code="g">899.00</subfield>
    <subfield code="l">0</subfield>
    <subfield code="o">910.02 STR</subfield>
    <subfield code="p">B-653761</subfield>
    <subfield code="r">2017-02-20 00:00:00</subfield>
    <subfield code="t">1</subfield>
    <subfield code="v">899.00</subfield>
    <subfield code="y">EN</subfield>
  </datafield>
  <datafield tag="952" ind1=" " ind2=" ">
    <subfield code="0">0</subfield>
    <subfield code="1">0</subfield>
    <subfield code="4">0</subfield>
    <subfield code="7">0</subfield>
    <subfield code="8">NFIC</subfield>
    <subfield code="a">BN</subfield>
    <subfield code="b">BN</subfield>
    <subfield code="d">2017-02-20</subfield>
    <subfield code="e">BPPD/En/2016-17/286/24.11.2016/4986/28.11.2016/4.1.2017</subfield>
    <subfield code="g">899.00</subfield>
    <subfield code="l">10</subfield>
    <subfield code="m">4</subfield>
    <subfield code="o">910.02 STR</subfield>
    <subfield code="p">B-653762</subfield>
    <subfield code="r">2024-01-12 00:00:00</subfield>
    <subfield code="s">2024-01-08</subfield>
    <subfield code="t">1</subfield>
    <subfield code="v">899.00</subfield>
    <subfield code="y">EN</subfield>
  </datafield>
  <datafield tag="952" ind1=" " ind2=" ">
    <subfield code="0">0</subfield>
    <subfield code="1">0</subfield>
    <subfield code="4">0</subfield>
    <subfield code="7">0</subfield>
    <subfield code="8">NFIC</subfield>
    <subfield code="a">BL4</subfield>
    <subfield code="b">BL4</subfield>
    <subfield code="d">2017-02-20</subfield>
    <subfield code="e">BPPD/En/2016-17/286/24.11.2016/4986/28.11.2016/4.1.2017</subfield>
    <subfield code="g">899.00</subfield>
    <subfield code="l">18</subfield>
    <subfield code="m">9</subfield>
    <subfield code="o">910.02 STR</subfield>
    <subfield code="p">B-653763</subfield>
    <subfield code="r">2023-08-17 00:00:00</subfield>
    <subfield code="s">2023-08-03</subfield>
    <subfield code="t">1</subfield>
    <subfield code="v">899.00</subfield>
    <subfield code="y">EN</subfield>
  </datafield>
  <datafield tag="952" ind1=" " ind2=" ">
    <subfield code="0">0</subfield>
    <subfield code="1">0</subfield>
    <subfield code="4">0</subfield>
    <subfield code="7">0</subfield>
    <subfield code="8">NFIC</subfield>
    <subfield code="a">YV</subfield>
    <subfield code="b">YV</subfield>
    <subfield code="d">2017-02-20</subfield>
    <subfield code="e">BPPD/En/2016-17/286/24.11.2016/4986/28.11.2016/4.1.2017</subfield>
    <subfield code="g">899.00</subfield>
    <subfield code="l">0</subfield>
    <subfield code="o">910.02 STR</subfield>
    <subfield code="p">B-653764</subfield>
    <subfield code="r">2017-02-20 00:00:00</subfield>
    <subfield code="t">1</subfield>
    <subfield code="v">899.00</subfield>
    <subfield code="y">EN</subfield>
  </datafield>
  <datafield tag="952" ind1=" " ind2=" ">
    <subfield code="0">0</subfield>
    <subfield code="1">0</subfield>
    <subfield code="4">0</subfield>
    <subfield code="7">0</subfield>
    <subfield code="8">NFIC</subfield>
    <subfield code="a">AV</subfield>
    <subfield code="b">AV</subfield>
    <subfield code="d">2017-05-11</subfield>
    <subfield code="e">BPPD/EN/2016-17/AV/16-17/452/15.2.2017/5058/28.2.2017/ 7.3.2017</subfield>
    <subfield code="g">899.00</subfield>
    <subfield code="l">9</subfield>
    <subfield code="m">2</subfield>
    <subfield code="o">910.02 STR</subfield>
    <subfield code="p">B-665153</subfield>
    <subfield code="r">2021-09-28 00:00:00</subfield>
    <subfield code="s">2021-09-18</subfield>
    <subfield code="t">1</subfield>
    <subfield code="v">899.00</subfield>
    <subfield code="w">2017-05-11</subfield>
    <subfield code="y">EN</subfield>
  </datafield>
</record>
